Bibliographie der Ingolstädter Drucker des 16. Jahrhunderts 5. Lieferung

Bibliographic Details
Main Author: Stalla, Gerhard (Author)
Format: Book
Language:Undetermined
PhysicalDescription:S. 331-410
Published: Baden-Baden Verlag Valentin Koerner 1975
Edition:1. nem. vyd.

MARC

LEADER 00000nam a2200000 a 4500
001 vtls001464488
003 SK-MaSNL
005 20260302073228.0
008 240314s1975 xx 0 und
035 |a SNK000419793 
040 |a SNK  |b slo  |c SNK  |e AACR2 
100 1 |a Stalla, Gerhard  |4 aut  |9 394474 
245 1 0 |a Bibliographie der Ingolstädter Drucker des 16. Jahrhunderts  |b 5. Lieferung 
250 |a 1. nem. vyd. 
260 |a Baden-Baden  |b Verlag Valentin Koerner  |c 1975 
300 |a S. 331-410 
958 |a OND 
999 |c 1160013  |d 1161943 
952 |a SNK  |b SNK  |c SNK_STHKF  |y PREZ  |7 0  |p 17A0406848  |o snkIC 52470/5  |i snkV 4166/75  |8 2  |0 0  |1 0  |4 0  |d 2003-12-01  |l 0  |r 2005-01-02 00:00:00  |w 2026-02-24